=LDR 00000nam 2200000 4500 =001 INLIS000000000022236 =005 20130612121020 =008 ***********************************ind** =035 ##$$0010-061300000022236 =041 ##$$a ind =082 ##$$a 791.509 =090 ##$$a 791.509, Ket k =245 ##$$a Ketoprak Betawi, Intisari =260 ##$$a 2001 $b Jakarta =300 ##$$a iv, 179 hlm., illus, 18 cm =650 ##$$a Budaya-Jakarta =850 ##$$a NBPNMAT